Älteste Städte Deutschlands - Statistiken

Allgemein
  • Dieses Quiz wurde 580 mal gespielt
  • Das Durchschnittsergebnis liegt bei 4 aus 10
Antwortstatistiken
Gründung Stadt % Korrekt
19 v. Chr. Köln
85%
17 v. Chr. Trier
85%
38 v. Chr. Mainz
50%
20 v. Chr. Bonn
46%
8 v. Chr. Augsburg
43%
10 v. Chr. Koblenz
40%
5000 v. Chr. Worms
32%
10 v. Chr. Speyer
27%
15 v. Chr. Kempten (Allgäu)
12%
16 v. Chr. Neuss
10%
Keine übereinstimmenden Quizze gefunden
Verteilung der Resultate
Anzahl Personen mit jedem Resultat
Perzentil nach korrekt beantworteten Fragen
Ihre Resultats-Entwicklung
Sie haben dieses Quiz noch nicht gespielt